Causes of Death in the U.S. - Statistics

General Stats
  • This quiz has been taken 86 times
  • The average score is 6 of 10
Answer Stats
Deaths Percentage Cause % Correct
591,699 22.5% Cancer
90%
614,348 23.4% Heart Disease
86%
136,053 5.2% Accidents
82%
42,773 1.6% Suicide
79%
133,033 5.1% Stroke
53%
147,101 5.6% CLRD
48%
76,488 2.9% Diabetes
38%
55,227 2.1% Influenza and Pneumonia
31%
93,541 3.6% Alzheimer's Disease
26%
48,146 1.8% Kidney Disease
25%
No matching quizzes found
Score Distribution
Percent of People with Each Score
Percentile by Number Answered
Your Score History
You have not taken this quiz